<?xml version="1.0" encoding="UTF-8"?>
<record
    xmlns:xsi="http://www.w3.org/2001/XMLSchema-instance"
    xsi:schemaLocation="http://www.loc.gov/MARC21/slim http://www.loc.gov/standards/marcxml/schema/MARC21slim.xsd"
    xmlns="http://www.loc.gov/MARC21/slim">

  <leader>02401nam a22003257a 4500</leader>
  <controlfield tag="001">8261</controlfield>
  <controlfield tag="003">FISKH</controlfield>
  <controlfield tag="005">20260226140250.0</controlfield>
  <controlfield tag="008">250905b        cb ||||| |||| 00| 0 eng d</controlfield>
  <datafield tag="020" ind1=" " ind2=" ">
    <subfield code="a">9780764137235</subfield>
  </datafield>
  <datafield tag="040" ind1=" " ind2=" ">
    <subfield code="a">FISKH</subfield>
    <subfield code="b">eng</subfield>
    <subfield code="c">FISKH</subfield>
    <subfield code="d">FISKH</subfield>
  </datafield>
  <datafield tag="050" ind1=" " ind2=" ">
    <subfield code="a">PE1157.M38</subfield>
  </datafield>
  <datafield tag="082" ind1=" " ind2=" ">
    <subfield code="a">428.1</subfield>
  </datafield>
  <datafield tag="100" ind1=" " ind2=" ">
    <subfield code="a">Marx, David F</subfield>
  </datafield>
  <datafield tag="245" ind1=" " ind2=" ">
    <subfield code="a">Coach Bo will show you / </subfield>
    <subfield code="c">By David F. Marx : Illustrated by Karen Stormer Brooks </subfield>
  </datafield>
  <datafield tag="260" ind1=" " ind2=" ">
    <subfield code="a">New York : </subfield>
    <subfield code="b">Barron's Education Series, Inc., </subfield>
    <subfield code="c">2007.</subfield>
  </datafield>
  <datafield tag="300" ind1=" " ind2=" ">
    <subfield code="a">24 pages : </subfield>
    <subfield code="b">color illustrations ;</subfield>
    <subfield code="c">23 cm . </subfield>
  </datafield>
  <datafield tag="490" ind1=" " ind2=" ">
    <subfield code="a">Reader's Clubhouse </subfield>
    <subfield code="v"> Level 3 Readers</subfield>
  </datafield>
  <datafield tag="505" ind1=" " ind2=" ">
    <subfield code="a">H 
</subfield>
  </datafield>
  <datafield tag="520" ind1=" " ind2=" ">
    <subfield code="a">This is Book 4 in the new Level 3 nine-book set of Reader's Clubhouse elementary readers. They are designed for both classroom use and home schooling in grades 1 and 2. Level 3 books are primarily intended for reading instruction following students' completion of Levels 1 and 2 readers in grades K and 1. Reader's Clubhouse titles on all levels emphasize the phonics method of teaching. Each Level 3 book focuses on just a few vowel sounds. Six of the Level 3 readers fall into the fiction category, and feature attractive color illustrations supplementing a wide range of story themes. Each title also suggests an activity related to the book's subject matter that is appropriate to the child's grade level. Nonfiction titles are photo illustrated in color. In addition to their main text for reading instruction, they present "Fun Facts" sidebars that will enrich children's reading experiences with interesting items of information. The nonfiction readers contain the basic elements of an adult's nonfiction book, including glossary and index. They also list two books and one web site where teachers, parents, and kids can find more information about each book's subject. All books present a letter addressed to parents and teachers which explains the fundamental phonics concepts that underlie the Reader's Clubhouse series. Book 4 teaches the oa and ow sounds.</subfield>
  </datafield>
  <datafield tag="521" ind1="8" ind2=" ">
    <subfield code="a">400 
</subfield>
    <subfield code="b">Lexile estimate 
</subfield>
  </datafield>
  <datafield tag="521" ind1="8" ind2=" ">
    <subfield code="a">H 
</subfield>
    <subfield code="b">Raz-Plus 
</subfield>
  </datafield>
  <datafield tag="650" ind1=" " ind2=" ">
    <subfield code="a">English Language- Vowels</subfield>
    <subfield code="v">Juvenile Literature </subfield>
  </datafield>
  <datafield tag="650" ind1=" " ind2=" ">
    <subfield code="a">English Language-Pronunciation</subfield>
    <subfield code="v">Juvenile Literature </subfield>
  </datafield>
  <datafield tag="650" ind1=" " ind2=" ">
    <subfield code="a">Sports</subfield>
    <subfield code="v">Juvenile Literature </subfield>
  </datafield>
  <datafield tag="700" ind1=" " ind2=" ">
    <subfield code="a">Stutz, Carol</subfield>
    <subfield code="e">Illustrator </subfield>
  </datafield>
  <datafield tag="700" ind1=" " ind2=" ">
    <subfield code="a">Gross, Deborah</subfield>
    <subfield code="e">Illustrator </subfield>
  </datafield>
  <datafield tag="942" ind1=" " ind2=" ">
    <subfield code="2">ddc</subfield>
    <subfield code="c">BK</subfield>
    <subfield code="n">0</subfield>
  </datafield>
  <datafield tag="999" ind1=" " ind2=" ">
    <subfield code="c">8261</subfield>
    <subfield code="d">8261</subfield>
  </datafield>
  <datafield tag="952" ind1=" " ind2=" ">
    <subfield code="0">0</subfield>
    <subfield code="1">0</subfield>
    <subfield code="2">ddc</subfield>
    <subfield code="4">0</subfield>
    <subfield code="7">0</subfield>
    <subfield code="8">NFIC</subfield>
    <subfield code="a">002</subfield>
    <subfield code="b">002</subfield>
    <subfield code="c">TTP Dark Blue</subfield>
    <subfield code="d">2025-09-05</subfield>
    <subfield code="l">0</subfield>
    <subfield code="o">MAR 428.1 PE1157.M38</subfield>
    <subfield code="p">FIS03273</subfield>
    <subfield code="r">2025-09-05 11:02:00</subfield>
    <subfield code="t">1</subfield>
    <subfield code="w">2025-09-05</subfield>
    <subfield code="y">BK</subfield>
  </datafield>
  <datafield tag="952" ind1=" " ind2=" ">
    <subfield code="0">0</subfield>
    <subfield code="1">0</subfield>
    <subfield code="2">ddc</subfield>
    <subfield code="4">0</subfield>
    <subfield code="7">0</subfield>
    <subfield code="8">NFIC</subfield>
    <subfield code="a">002</subfield>
    <subfield code="b">002</subfield>
    <subfield code="c">TTP Dark Blue</subfield>
    <subfield code="d">2026-02-26</subfield>
    <subfield code="l">0</subfield>
    <subfield code="o">MAR 428.1 PE1157.M38</subfield>
    <subfield code="p">FISTK00700</subfield>
    <subfield code="r">2026-02-26 14:02:41</subfield>
    <subfield code="t">2</subfield>
    <subfield code="w">2026-02-26</subfield>
    <subfield code="y">BK</subfield>
  </datafield>
</record>
